Najlepiej sprzedające się telefony na świecie - Statystyki

Ogólne statystyki
  • Ten quiz został rozwiązany 401 razy
  • Średni wynik to 4 z 10
Statystyki odpowiedzi
Marka % Sprzedaży Model % Poprawnych
Apple 2.0% iPhone 11
95%
Apple 2.9% iPhone 12
95%
Apple 2.1% iPhone 13
93%
Apple 2.1% iPhone 12 Pro
48%
Apple 2.2% iPhone 12 Pro Max
27%
Apple 1.3% iPhone 13 Pro Max
24%
Apple 1.6% iPhone SE 2020
4%
Xiaomi 1.1% Redmi 9
3%
Samsung 2.0% Galaxy A12
1%
Xiaomi 1.9% Redmi 9A
1%
Nie znaleziono quizów pasujących do podanych kryteriów
Rozkład punktacji
Procent ludzi z każdym wynikiem
Percentyl według liczby udzielonych odpowiedzi
Twoja historia wyników
Nie rozwiązałeś tego quizu